000 00201nam a2200085Ia 4500
008 120527s9999 xx 000 0 und d
100 _aTurk, et al
245 _aEcology Pollution environment
942 _cBK
999 _c27360
_d27360